Подробности
| 000 -МАРКЕР |
| контрольное поле |
01440nam0a2200361 4500 |
| 001 - ИДЕНТИФИКАТОР ЗАПИСИ |
| контрольное поле |
RU\NLR\bibl\1869884 |
| 005 - ИДЕНТИФИКАТОР ВЕРСИИ |
| контрольное поле |
20250616185950.0 |
| 010 ## - МЕЖДУНАРОДНЫЙ СТАНДАРТНЫЙ НОМЕР КНИГИ (ISBN) |
| Номер (ISBN) |
978-5-478-01341-7 |
| Тираж |
1000 |
| 021 ## - НОМЕР ГОСУДАРСТВЕННОЙ РЕГИСТРАЦИИ |
| Код страны |
Российская Федерация |
| Номер |
2012-4694 |
| Номер Листа государственной регистраци |
340 |
| 035 ## - ДРУГИЕ СИСТЕМНЫЕ НОМЕРА |
| Идентификатор записи |
(NLR Aleph) 001859735 |
| 100 ## - ДАННЫЕ ОБЩЕЙ ОБРАБОТКИ |
| Данные общей обработки |
20120215d2011 |||y0rusy50 ca |
| 101 0# - ЯЗЫК РЕСУРСА |
| Язык текста, звукозаписи и т.д. |
русский |
| 102 ## - СТРАНА ПУБЛИКАЦИИ ИЛИ ПРОИЗВОДСТВА |
| Страна публикации |
Российская Федерация |
| 105 ## - ПОЛЕ КОДИРОВАННЫХ ДАННЫХ: ТЕКСТОВЫЕ МАТЕРИАЛЫ, МОНОГРАФИЧЕСКИЕ |
| Кодированные данные о монографическом текстовом документе |
a ||||||||| |
| 200 1# - ЗАГЛАВИЕ И СВЕДЕНИЯ ОБ ОТВЕТСТВЕННОСТИ |
| Основное заглавие |
Внутриполитическое и социально-экономическое развитие Кыргызстана |
| Первые сведения об ответственности |
Е.А. Бородин |
| Последующие сведения об ответственности |
Дипломат. акад. МИД России |
| 210 ## - ПУБЛИКАЦИЯ, РАСПРОСТРАНЕНИЕ И ДР. |
| Место издания, распространения и т.д. |
Москва |
| Имя издателя, распространителя и т. д. |
Восток-Запад |
| Дата издания, распространения и т.д. |
2011 |
| 215 ## - ФИЗИЧЕСКАЯ ХАРАКТЕРИСТИКА |
| Специфическое обозначение материала и объем |
271 с. |
| Другие сведения о физической характеристике |
ил., карт. |
| Размеры |
22 |
| 225 1# - СЕРИЯ |
| Основное заглавие серии |
Монография |
| 320 ## - ПРИМЕЧАНИЯ О НАЛИЧИИ В ДОКУМЕНТЕ БИБЛИОГРАФИИ / УКАЗАТЕЛЯ |
| Текст примечания |
Библиогр.: с. 257-271 (192 назв.) |
| 607 ## - ГЕОГРАФИЧЕСКОЕ НАИМЕНОВАНИЕ КАК ПРЕДМЕТ |
| Географическое наименование |
Кыргызская Республика |
| Тематический подзаголовок |
Политика и управление |
| Системный номер авторитетной/нормативной записи |
2264285 |
| Идентификатор авторитетной/нормативной записи |
RU\NLR\auth\661357434 |
| 607 ## - ГЕОГРАФИЧЕСКОЕ НАИМЕНОВАНИЕ КАК ПРЕДМЕТ |
| Географическое наименование |
Кыргызская Республика |
| Тематический подзаголовок |
Народное хозяйство |
| -- |
Модернизация |
| Системный номер авторитетной/нормативной записи |
2624378 |
| Идентификатор авторитетной/нормативной записи |
RU\NLR\auth\661560938 |
| 686 ## - ИНДЕКСЫ ДРУГИХ КЛАССИФИКАЦИЙ |
| Индекс |
Т3(5Кир)74,02 |
| 686 ## - ИНДЕКСЫ ДРУГИХ КЛАССИФИКАЦИЙ |
| Индекс |
Ф3(5Кир)3 |
| 686 ## - ИНДЕКСЫ ДРУГИХ КЛАССИФИКАЦИЙ |
| Индекс |
У03(5Кир)74 |
| 686 ## - ИНДЕКСЫ ДРУГИХ КЛАССИФИКАЦИЙ |
| Индекс |
У9(2)-551(5Кир) |
| 700 #1 - ИМЯ ЛИЦА - ПЕРВИЧНАЯ ОТВЕТСТВЕННОСТЬ |
| Начальный элемент ввода |
Бородин |
| Часть имени, кроме начального элемента ввода |
Е. А. |
| Расширение инициалов личного имени |
Евгений Анатольевич |
| Код отношения |
Автор |
| 801 #0 - ИСТОЧНИК ЗАПИСИ |
| Страна |
Российская Федерация |
| Организация |
NLR |
| Дата составления |
20120215 |
| Правила каталогизации |
RCR |
| 801 #1 - ИСТОЧНИК ЗАПИСИ |
| Страна |
Российская Федерация |
| Организация |
NLR |
| Дата составления |
20120215 |
| 942 ## - ДОПОЛНИТЕЛЬНЫЕ ЭЛЕМЕНТЫ ЗАПИСИ (АБИС) |
| Тип экземпляра АБИС |
Книга |
| 980 ## - КОЛЛЕКЦИЯ |
| Название коллекции |
Национальная библиография |
| 980 ## - КОЛЛЕКЦИЯ |
| Название коллекции |
НБР |